Statistics for NASCAR Cup Winners at Texas Motor Speedway

Click here to take the quiz!

General Stats

  • This quiz has been taken 255 times
    (83 since last reset)
  • The average score is 32 of 40

Answer Stats

YearDriver% Correct
2007 | 2012 | 2013 | +3 othersJimmie Johnson
98%
2013 | 2016 | 2018 | 2020Kyle Busch
98%
2009Kurt Busch
98%
2009Jeff Gordon
96%
2000Dale Earnhardt Jr
92%
2017 | 2018 | 2019Kevin Harvick
90%
2014Joey Logano
86%
2010 | 2019Denny Hamlin
82%
2005 | 2008 | 2016Carl Edwards
82%
1998Mark Martin
82%
2006 | 2011Tony Stewart
82%
2002 | 2011Matt Kenseth
78%
1999Terry Labonte
67%
2005 | 2012Greg Biffle
63%
2006Kasey Kahne
55%
2020Austin Dillon
53%
2003Ryan Newman
51%
1997 | 2007Jeff Burton
49%
2001Dale Jarrett
45%
2004Elliott Sadler
24%

Score Distribution

Percentile by Number Answered

Percent of People with Each Score

Your Score History

You have not taken this quiz since the last reset